000 00254nam a2200121 i 4500
001 bg
245 0 _aPhysics of thin films.
260 _aNew York,
_c1971.
040 _cBPK
041 _apol
942 _cKS
008 s pl f |000 0 pol
999 _c15716
_d15716
856 _uhttp://koha.tu.koszalin.pl/cgi-bin/koha/opac-detail.pl?biblionumber=15716
_yKatalog online BPK